000 00455pab a2200181 454500
008 180718b2007 xxu||||| |||| 00| 0 eng d
100 _aMittal, R.K.
245 _aImpact of investment in information technology on public sector banks in India
260 _c2007
300 _ap.306-12.
362 _aOct-Dec
650 _aBanks - India
650 _aBanks
700 _aDhingra, Sanjay
773 _aProductivity
908 _aN
909 _a78222
999 _c78222
_d78222